[Event "Summer Cup"]
[Site "Wellington Chess Club"]
[Date "2014.03.27"]
[Round "7"]
[White "Farrington, Lawrence"]
[Black "Pomeroy, Arthur"]
[Result "1/2-1/2"]
[WhiteElo "1721"]
[BlackElo "2115"]

1. e4 c5 2. c3 Nf6 3. e5 Nd5 4. d4 cxd4 5. Nf3 e6 6. Bc4 d6 7. exd6 Qxd6 8.
Nxd4 Nb6 9. Bb3 Bd7 10. O-O Be7 11. Na3 O-O 12. Qe2 Nc6 13. Nxc6 Bxc6 14. Be3
Qe5 15. Qg4 Bd6 16. Qg3 Qe4 17. Qh3 Ba4 18. Rfe1 Qc6 19. Nc2 Bxb3 20. axb3
1/2-1/2

[Event "Summer Cup"]
[Site "Wellington Chess Club"]
[Date "2014.03.27"]
[Round "7"]
[White "Jackson, Ross"]
[Black "Stoeveken, Peter"]
[Result "1-0"]
[WhiteElo "2000"]
[BlackElo "1861"]

1. d4 Nf6 2. c4 e6 3. Nc3 c5 4. d5 d6 5. e4 Be7 6. f4 exd5 7. cxd5 a6 8. a4 Qb6
9. a5 Qb4 10. Ra4 O-O 11. Rxb4 cxb4 12. e5 dxe5 13. fxe5 Ng4 14. Ne4 Nxe5 15.
Be2 f5 16. Ng3 Bh4 17. Nh3 Ng6 18. O-O Ne7 19. d6 Nec6 20. Qd5+ Kh8 21. Nxf5
Bxf5 22. Rxf5 Nd7 23. g3 Bf6 24. Ng5 h6 25. Nf7+ Kh7 26. Bd3 g6 27. Rh5 Bd4+
28. Kg2 Nf6 29. Rxh6+ 1-0

[Event "Summer Cup"]
[Site "Wellington Chess Club"]
[Date "2014.03.27"]
[Round "7"]
[White "Ker, Anthony"]
[Black "Nyberg, Michael"]
[Result "1-0"]
[WhiteElo "2423"]
[BlackElo "2021"]

{Anthony Ker got one of his favourite slow burning IQP kingside attack, but
Mike Nyberg successfully swapped off most of White's attacking pieces and an
endgame seemed on the cards. Then a flash storm finished the game.} 1. e4 c6 2.
d4 d5 3. exd5 cxd5 4. c4 Nc6 5. Nc3 Nf6 6. cxd5 Nxd5 7. Nf3 g6 8. Qb3 e6 9. Bg5
Qa5 10. Bd2 Bg7 11. Bb5 Qd8 12. Ne5 Ne7 13. Be3 O-O 14. Rd1 Qc7 15. Nf3 a6 16.
Be2 b5 17. a4 Na5 18. Qa2 b4 19. Ne4 Nd5 20. Rc1 Qe7 21. Bg5 Qa7 22. Nc5 Bb7
23. O-O Rac8 24. Nxb7 Nxb7 25. Bc4 Nb6 26. Bd3 Nd5 27. Be4 Rxc1 28. Bxc1 Rd8
29. Bg5 Rd6 30. Qc4 h6 31. Bd2 a5 32. Rc1 Rd8 33. Qe2 Nd6 34. Bxd5 exd5 35. Ne5
Re8 36. Qd3 Bxe5 37. dxe5 Rxe5 38. Bxh6 Ne4 39. Be3 Qd7 40. Bd4 Re8 41. f3 Nd6
{#Diagram Ironically this started out with White having an isolated queen
pawn. Black has some compensation for his IQP, his knight looks like a good
piece...} 42. g4 {Keeping the knight out of f5} 42... Qxa4 {A little greedy
perhaps}  ( {The comp likes} 42... Nc4 $1 $10) 43. Qd2 {Threatening Q-h6-h8
mate, now Black is walking a tight-rope} 43... Kh7 $4 {And off he falls}  (
43... b3 $1 {is a computer resource if} 44. Qf4 $2 Nb5 {wins} ) 44. Qg5 {Game
over} 44... f6 45. Rc7+ 1-0

[Event "Summer Cup"]
[Site "Wellington Chess Club"]
[Date "2014.03.27"]
[Round "7"]
[White "List, Robert"]
[Black "Tionko, Efrain"]
[Result "1-0"]
[WhiteElo "1670"]
[BlackElo "1966"]

{Bob List is a dangerous attacker. Efrain Tionko keeps him at bay for the
longest time but eventually makes a mistake and Bob grabs his chance and
finishes powerfully.} 1. e4 c5 2. Nc3 a6 3. f4 b5 4. Nf3 Bb7 5. d3 e6 6. Be2 d6
7. O-O Be7 8. Qe1 Nf6 9. h3 O-O 10. g4 d5 11. e5 Ne8 12. g5 Nc6 13. Qg3 Kh8 14.
Kh2 g6 15. Qh4 Ng7 16. Qg4 Nf5 17. h4 Ncd4 18. Bd1 Nxf3+ 19. Bxf3 h5 20. Qh3
Qb6 21. Bd2 Nd4 22. Bd1 Rfd8 23. Ne2 Nf5 24. Ng3 Nxg3 25. Qxg3 c4 26. Rc1 b4
27. Be2 Rac8 28. c3 bxc3 29. bxc3 Qb2 30. Qe1 Qxa2 31. d4 Qa5 32. Bd1 Qc7 33.
Ra1 Ra8 34. Bc2 Bc6 35. Qe2 {#Diagram White's attack hasn't really been going
anywhere and Black could legitimately argue his extra passed a pawn is a
winner} 35... a5 36. f5 $1 {White has spent an age organising his pieces so
that this is possible. Objectively Black is still okay} 36... exf5 37. Bxf5 Bd7
38. Bxd7 Rxd7 39. Rxf7 Rf8 40. Raf1 Rxf7 41. Rxf7 Kg8 42. Qf3 {#Diagram} 42...
Ba3 $2 {Understandably Black wants to swap rooks, but this is impossible, Black
needs the bishop on e7 to cover f6 and f8 simultaneously. }  ( {After something
like} 42... Qc6 43. Qf2 Qe6 44. Rf3 Rb7 {Black at least activates his rook} )
43. Rf6 $1 {Winning} 43... Kg7 44. Bf4 $1 Qb7 45. e6 Re7 46. Be5 Kh7 47. Rf8 (
47. Qxh5+ $1 {mating would have been nice} ) 47... Rg7 48. Bxg7 Bxf8 49. Bxf8
a4 50. e7 1-0

[Event "Summer Cup"]
[Site "Wellington Chess Club"]
[Date "2014.03.27"]
[Round "7"]
[White "Meyer, Marany"]
[Black "Theodosiou, Andreas"]
[Result "1-0"]
[WhiteElo "2062"]
[BlackElo "1374"]

1. e4 c5 2. Bc4 Nc6 3. f4 Nf6 4. d3 d6 5. Nf3 Bg4 6. c3 Na5 7. Bb3 Nxb3 8. axb3
e6 9. O-O Be7 10. h3 Bh5 11. Be3 h6 12. b4 b6 13. Nbd2 O-O 14. bxc5 dxc5 15. d4
Qc7 16. Qe1 Nd7 17. g4 Bg6 18. f5 exf5 19. gxf5 Bh5 20. Kh1 cxd4 21. cxd4 f6
22. Qh4 Bxf3+ 23. Rxf3 Kh7 24. Rg3 Ne5 {#Diagram Mate in 5} 25. Rxg7+ $1 Kxg7
26. Qxh6+ Kg8 27. Rg1+ Ng6 28. Qxg6+ 1-0

[Event "Summer Cup"]
[Site "Wellington Chess Club"]
[Date "2014.03.27"]
[Round "7"]
[White "Roberts, Michael"]
[Black "Stracy, Don"]
[Result "1/2-1/2"]
[WhiteElo "1814"]
[BlackElo "1870"]

1. d4 Nf6 2. c4 e6 3. Nf3 b6 4. a3 Bb7 5. Nc3 d5 6. Qc2 c5 7. cxd5 Nxd5 8. e4
Nxc3 9. bxc3 Nd7 10. Bg5 Qc7 11. Bd3 cxd4 12. cxd4 Qxc2 13. Bxc2 Ba6 14. Kd2
Be7 15. Bxe7 Kxe7 16. Rac1 Rac8 17. Bb1 f6 18. Rxc8 Rxc8 19. Rc1 Rxc1 20. Kxc1
e5 21. d5 Kd6 22. Kd2 Nc5 23. Ne1 Bc8 24. g3 b5 25. f3 a5 26. Nd3 Nb3+ 27. Ke1
Bh3 28. f4 Bg2 29. Nf2 exf4 30. gxf4 g5 31. fxg5 fxg5 32. Ke2 Nc5 33. Ke3 h5
34. Bc2 Bf1 35. Kd4 Nd7 36. Nd3 Bxd3 37. Bxd3 b4 38. axb4 axb4 39. Be2 g4 40.
Bd1 Ne5 41. Ke3 Nf3 42. h3 Ke5 43. hxg4 hxg4 44. Kd3 Nh2 45. Bxg4 Nxg4 46. Kc4
1/2-1/2

[Event "Summer Cup"]
[Site "Wellington Chess Club"]
[Date "2014.03.27"]
[Round "7"]
[White "Sellen, Ian"]
[Black "Nicholls, Alistair"]
[Result "1-0"]
[WhiteElo "2112"]
[BlackElo "1848"]

{Al Nicholls annotates his own game against Ian Sellen. I encourage others to
do this.} 1. c4 e5 2. Nc3 Nf6 3. Nf3 Nc6 4. g3 d5 5. cxd5 Nxd5 6. Bg2 Be7 {I
messed up my move order as early as move 6!} 7. O-O ( {Eval=0.63} 7. Nxe5 Nxc3
8. Bxc6+ bxc6 9. dxc3 Qxd1+ 10. Kxd1) 7... Nb6 8. d3 g5 9. a4 g4 10. Nd2 a5 11.
Nc4 Nxc4 12. dxc4 Nd4 13. e3 Nf5 14. b3 {#Diagram}  ( {incredibly the pawn can
actually be taken, this is the reason I play chess check this out...
Eval=-0.94} 14. Qxg4 Nxe3 15. Qh5 Nxf1 16. Qxe5 O-O 17. Nd5 Bd6 18. Qh5 Nxh2
19. Kxh2 Be6 20. Bh6 Re8 $2 21. Bg5 $3 {Game over} )  ( {you can also get the
pawn safely like this...} 14. Qe2 $1 h5 $2 15. Rd1 Bd7 16. Bxb7) 14... c6 15.
Qxd8+ $2 {Dead draw for a computer here} 15... Bxd8 16. Bb2 f6 17. Ne4 Kf7 18.
Rfd1 Be7 19. Ba3 Bxa3 20. Rxa3 Ke7 21. Ra2 Be6 22. Nc5 Nd6 23. Rad2 Rhd8 24.
Nxe6 Kxe6 25. h3 h5 26. hxg4 hxg4 27. Bf1 {Black gets a tiny edge here due to a
bad bishop}  (27. Be4 f5 $2 28. Bxf5+ $1) 27... Ke7 28. Be2 f5 29. f3 gxf3 30.
Bxf3 Nf7 31. Kf2 Rxd2+ 32. Rxd2 Rd8 33. Rxd8 Nxd8 34. g4 fxg4 35. Bxg4 Kd6 {The
wrong plan, I traverse my king to eat up the queen side pawns even at the
expense of sacrificing my knight - major floor to the plan the bishop can
effortlessly stop my pawn storm. Just about anything keeping my king on the
king side draws. } 36. Kf3 Kc5 37. Ke4 Kb4 38. Bd1 Nf7 39. Bh5 {#Diagram} 39...
Kxb3 $4 {Terrible. The rest isn't worth commenting on, this is where my current
chess strategy fails and a new one must begin - The End Game! Incredibly this
line is still a dead draw!}  (39... Ng5+ 40. Kf5 Nh3 41. Kxe5 Kxb3 42. e4 Kxa4
43. Kf5 Kb4 44. e5 a4 45. e6 a3 46. e7 a2 47. e8=Q a1=Q 48. Qe7+ Ka4) 40. Bxf7
Kxa4 41. c5 Kb4 42. Kxe5 Kxc5 43. Kf6 b5 44. e4 b4 45. e5 a4 46. e6 b3 47. e7
b2 48. Bg6 a3 49. Bb1 1-0

[Event "Summer Cup"]
[Site "Wellington Chess Club"]
[Date "2014.03.27"]
[Round "7"]
[White "Timergazi, Layla"]
[Black "Forster, Bill"]
[Result "1/2-1/2"]
[WhiteElo "1952"]
[BlackElo "2054"]

1. d4 c5 2. c3 $6 Nf6 3. Nf3 g6 4. g3 Bg7 5. Bg2 O-O 6. O-O d6 7. Na3 Nbd7 8.
Bd2 $6 Rb8 9. Nc2 b5 {#Diagram At this point I got up and was encouraged to see
that Russell was copying my piece placement on board 1 (see diagram above). I
am pretty sure that's what was happening.} 10. dxc5 Nxc5 11. Nb4 Bb7 12. Nd4
Bxg2 13. Kxg2 Rb6 14. f3 Qa8 15. Nb3 a5 16. Nd3 Nxd3 17. exd3 {#Diagram Layla's
opening has been a little eccentric, but from now on she shows her talent,
shutting down my hopes of making something of this promising position looking
position} 17... Nd5 18. c4 bxc4 19. dxc4 Nb4 20. Be3 Rbb8 21. Bd4 Nc6 22. Bxg7
Kxg7 23. Qd2 Rfc8 24. Nd4 Ne5 1/2-1/2

[Event "Summer Cup"]
[Site "Wellington Chess Club"]
[Date "2014.03.27"]
[Round "7"]
[White "Wight, Joshua"]
[Black "Brockway, Andrew"]
[Result "1/2-1/2"]
[WhiteElo "1253"]
[BlackElo "1769"]

1. e4 c5 2. Nc3 g6 3. b3 Bg7 4. Bb2 Nc6 5. Bb5 Nd4 6. Bc4 e6 7. Nf3 Ne7 8. Nxd4
Bxd4 9. O-O O-O 10. Qc1 d5 11. Be2 Bg7 12. exd5 exd5 13. Rd1 Be6 14. Na4 Qc7
15. Bxg7 Kxg7 16. c4 d4 17. d3 b6 18. Qd2 Bd7 19. Nb2 Bc6 20. b4 Rab8 21. Rab1
Qd6 22. Re1 Nf5 23. b5 Bb7 24. Qg5 h6 25. Qg4 Bc8 26. Qf3 Nh4 27. Qg3 Qxg3 28.
hxg3 Nf5 29. Bg4 Rb7 30. Bxf5 Bxf5 31. Re2 Be6 32. Rbe1 Ra8 33. a4 a6 34. f3
axb5 35. axb5 Rba7 36. Nd1 Ra2 37. Nf2 Rxe2 38. Rxe2 Ra3 39. Rd2 Ra1+ 40. Kh2
f5 41. g4 Kf6 42. Kg3 fxg4 43. Nxg4+ Bxg4 44. Kxg4 Re1 45. Kg3 Kf5 46. Kf2 Re3
47. Kg1 Kg5 48. Kh2 h5 49. Kg3 h4+ 50. Kf2 Kf4 51. Rd1 g5 52. Rd2 g4 53. fxg4
Kxg4 54. Rd1 Re6 55. Rd2 Rf6+ 56. Kg1 Kg3 57. Re2 Kg4 58. Kh2 Kg5 59. Kh3 Rf4
60. Re5+ Kf6 61. Re4 Rf2 62. Rxh4 Rd2 63. Rh6+ Kg5 64. Rxb6 Rxd3+ 65. Kh2 Rc3
66. Rd6 Rxc4 67. b6 Rb4 68. Rd5+ Kf6 69. Rxc5 Ke6 70. g4 Rxb6 71. Rc1 Kf6 72.
Kh3 Kg5 73. Rc5+ Kf4 74. Rd5 Ke4 75. Rd8 d3 76. Kg2 Ke3 77. Re8+ Kd2 78. Kf2
Rf6+ 79. Kg3 Kd1 80. Rd8 d2 81. g5 Rc6 82. Kf4 Kc2 83. Kf5 d1=Q 84. Rxd1 Kxd1
85. g6 Ke2 86. g7 Rc8 87. Kg6 1/2-1/2

[Event "Summer Cup"]
[Site "Wellington Chess Club"]
[Date "2014.04.03"]
[Round "8"]
[White "Aldridge, Alan"]
[Black "Dive, Russell"]
[Result "0-1"]
[WhiteElo "1964"]
[BlackElo "2441"]

{Alan and your webmaster discussed his opening choices on top board over
dinner. We agreed 1.e4, 1.d4, 1.Nf3 and 1.c4 were probably all doomed. Alan
therefore concludes that 1.b3 is essentially forced.} 1. b3 d5 2. Bb2 Bf5 3. f4
e6 4. Nf3 h6 5. e3 Nf6 6. Be2 Bd6 7. O-O c5 8. Na3 Nc6 9. Ne5 O-O 10. Rc1 Rc8
11. Rf3 a6 12. d3 Bb8 13. Rg3 Nxe5 14. fxe5 Nd7 15. d4 f6 16. Bg4 fxe5 17. Bxf5
Rxf5 18. e4 Rg5 19. Rxg5 Qxg5 {#Diagram White has been steadily outplayed and
now falls victim to an attractive finish} 20. dxc5 $2 {Opening lines for Black
hastens the end} 20... Nxc5 {This knight is heading to e4...} 21. exd5 Ne4
{...even if that's not a capture. The point is that this introduces both the
knight and the bishop (from a7) into the assault} 22. c4 Qe3+ (22... Qe3+ 23.
Kh1 Nf2+ {wins both queen and king} 24. Kg1 Nxd1+ 25. Kh1 Qe1#) 0-1

[Event "Summer Cup"]
[Site "Wellington Chess Club"]
[Date "2014.04.03"]
[Round "8"]
[White "Bennett, Ezra"]
[Black "Konakanchi, Karthik"]
[Result "1-0"]
[WhiteElo "860"]
[BlackElo "1235"]

{Sarah Bennett showed that she was listening during the king and pawn lessons
(a favourite with Mark I know)} 1. d4 d5 2. Bf4 Nc6 3. Nf3 Nf6 4. Ne5 Bd7 5.
Nc3 e6 6. e3 Bd6 7. Qd2 Ne4 8. Nxe4 dxe4 9. Nxf7 Kxf7 10. Bxd6 cxd6 11. O-O-O
Qb6 12. d5 Na5 13. h4 e5 14. b4 Nc4 15. Bxc4 Bg4 16. Rdf1 Rhf8 17. f4 Ke7 18.
fxe5 Rxf1+ 19. Rxf1 dxe5 20. d6+ Qxd6 21. Qxd6+ Kxd6 22. Rf7 Rc8 23. Bb3 Rc7
24. Rxc7 Kxc7 25. Kd2 Kd6 26. c4 b6 27. Ke1 a5 28. bxa5 bxa5 29. Kd2 Kc5 30.
Kc3 Be6 31. a3 Bd7 32. a4 Bg4 33. g3 Be2 34. Ba2 Kc6 35. Kd2 Bd3 36. Bb3 Kd6
37. Ba2 Ke6 38. c5+ Kd7 39. Bd5 Ba6 40. Kc3 Kc7 41. Kb3 {#Diagram} 41... Bb7 $4
{Exchanging into a lost king and pawn ending}  (41... Bd3 $1 {And it is hard to
see White's king ever penetrating} ) 42. Bxb7 Kxb7 43. Kc4 Kc6 44. g4 h6 45. h5
$1 {I am sure Mark van der Hoorn will enjoy seeing that} 45... Kc7 46. Kd5 Kb7
47. Kd6 $1 {And that} 47... Kc8 48. Kxe5 ( {But I think Mark might have
preferred to see} 48. Kc6 $1 {at this point, but never mind it's over anyway} )
48... Kc7 49. Kxe4 Kc6 50. Kd4 Kc7 51. e4 Kd7 52. e5 Ke6 53. c6 Ke7 54. Kd5 Kd8
55. Kd6 Kc8 56. e6 Kd8 57. e7+ Ke8 58. c7 Kf7 59. e8=Q+ Kxe8 60. c8=Q+ Kf7 61.
Qe6+ Kf8 62. Qf5+ Kg8 63. Ke6 Kh8 64. Kf7 g6 65. Qf6+ Kh7 66. Qg7# 1-0

[Event "Summer Cup"]
[Site "Wellington Chess Club"]
[Date "2014.04.03"]
[Round "8"]
[White "Nyberg, Michael"]
[Black "Timergazi, Layla"]
[Result "0-1"]
[WhiteElo "2021"]
[BlackElo "1952"]

{Layla Timergazi concluded a great tournament with another win.} 1. e4 c6 2. d4
d5 3. exd5 cxd5 4. c4 e6 5. Nf3 Nf6 6. Nc3 Nc6 7. Bd3 Bb4 8. O-O O-O 9. a3 Be7
10. c5 a5 11. Bf4 b6 12. cxb6 Qxb6 13. Na4 Qa7 14. Rc1 Bb7 15. Bc7 Nd7 16. Re1
Rac8 17. Bf4 Bf6 18. Bd6 Be7 $2 {#Diagram} 19. Rxc6 $1 {Winning material} 19...
Bxc6 20. Bxe7 Bxa4 $1 {Essential} 21. Bxh7+ $2 ( {The calm line is} 21. Qxa4
Nb6 22. Qb5 Qxe7 23. Qxb6 {and two pieces are better than one so White should
win} ) 21... Kh8 22. b3 Rfe8 23. Bh4 Kxh7 24. bxa4 {Now after the smoke clears,
Black is ahead on material} 24... Qc7 25. Qd3+ g6 26. Ng5+ Kg7 27. Qf3 $2 f6 $1
28. Nh3 {#Diagram} 28... Qc3 $1 {Now Black has the material and the
compensation, the rest is a rout.} 29. Qd1 Rc4 30. Qb1 Rb8 31. Qa1 Qxa1 32.
Rxa1 Rxd4 33. Bg3 Rb6 34. f3 Rxa4 35. Nf4 g5 36. Ne2 Rc4 37. Re1 Rb2 38. Bd6 d4
39. Ng3 d3 0-1

[Event "Summer Cup"]
[Site "Wellington Chess Club"]
[Date "2014.04.03"]
[Round "8"]
[White "Rossiter, Philip"]
[Black "Jackson, Ross"]
[Result "1/2-1/2"]
[WhiteElo "1835"]
[BlackElo "2000"]

{Philip Rossiter had the better of a Maroczy versus Ross, but Ross was
resilient and got a result.} 1. e4 c5 2. Nf3 a6 3. c4 Nc6 4. Nc3 g6 5. d4 cxd4
6. Nxd4 Bg7 7. Be3 d6 8. Be2 Nf6 9. O-O O-O 10. Rc1 Nd7 11. Qd2 Nde5 12. h3
Nxd4 13. Bxd4 Be6 14. Nd5 Nd7 15. Bxg7 Kxg7 16. Qd4+ f6 17. Rfd1 Bf7 18. b4 b6
19. a4 Be6 20. Bg4 Bxg4 21. hxg4 g5 22. Ne3 Ne5 23. Nf5+ Kg6 24. f3 h5 25.
gxh5+ Kxh5 {#Diagram} 26. Ng7+ {Winning material seems sensible, although}  (
{The computer indicates} 26. Kf2 $1 {with a winning attack down the h file} )
26... Kg6 27. Ne6 Qd7 28. Nxf8+ Rxf8 29. b5 Qb7 30. Qd5 Qa7 31. Kf2 axb5 32.
Qxb5 Qc7 33. Rb1 Qa7 34. Kf1 Qc7 35. Rb4 Rb8 36. a5 Nd7 37. axb6 Rxb6 38. Qa5
Qc6 39. Rxb6 Nxb6 40. Qb5 Qxc4+ {#Diagram Ian's comment is "draw agreed,
strangely", although it seems to me that White's advantage is small as a knight
is well suited to defending a compact group of pawns, and making a passed pawn
is not going to be easy. In one of his instructive articles, Cecil Purdy, the
great Australian, once remarked that he always found it amusing to see amateurs
look mystified when they fail to win endings an exchange up but a pawn down.
It really is a small material advantage in his view. Maybe one of the really
strong players will email in an opinion, which I'll add here. } 1/2-1/2

[Event "Summer Cup"]
[Site "Wellington Chess Club"]
[Date "2014.04.03"]
[Round "8"]
[White "Stracy, Don"]
[Black "Sellen, Ian"]
[Result "0-1"]
[WhiteElo "1870"]
[BlackElo "2112"]

1. e4 e6 2. d4 d5 3. Nd2 c5 4. exd5 Qxd5 5. Ngf3 cxd4 6. Bc4 Qd8 7. O-O Nf6 8.
Nb3 Be7 9. Qe2 O-O 10. Rd1 Nc6 11. Nbxd4 Qb6 12. Nxc6 bxc6 13. c3 c5 14. Be3
Bb7 15. b4 Nd5 16. bxc5 Bxc5 17. Bxc5 (17. Rab1 Nxc3 $19) 17... Qxc5 18. Rac1
$2 { white offered a draw on making this move}  (18. Bxd5 Bxd5 19. Rac1 {is
better} ) 18... Nf4 19. Qf1 Nxg2 ( {flashy, but} 19... Nh3+ $1 { wins the game
immediately, as pointed out by Arthur after the game} 20. gxh3 Bxf3 21. h4 (21.
Qd3 Qg5+ 22. Kf1 Bxd1)  (21. Rd4 Qg5+ 22. Rg4 Bxg4) 21... Qh5 22. h3 Bxd1 {etc}
) 20. Qxg2 Qxc4 21. Rd4 $2 {white should break the pin while he can, e.g.}  (
21. Ne5)  (21. Qg3) 21... Qe2 22. Rf4 Rad8 23. Nd4 Rxd4 24. Qxb7 Rxf4 0-1

[Event "Summer Cup"]
[Site "Wellington Chess Club"]
[Date "2014.04.03"]
[Round "8"]
[White "Theodosiou, Andreas"]
[Black "Sknar, Andrew"]
[Result "0-1"]
[WhiteElo "1374"]
[BlackElo "929"]

{Young Mr Sknar collected a rare win, with a roller coaster ride ending in an
interesting endgame race.} 1. e4 e5 2. Nf3 Nc6 3. d4 exd4 4. Nxd4 Nxd4 5. Qxd4
Nf6 6. Bg5 Be7 7. e5 Nh5 8. Be3 O-O 9. Qg4 g6 10. Bh6 Re8 11. Nc3 d6 12. Qd4
dxe5 13. Qe3 g5 14. Bd3 Nf4 15. O-O-O Nxg2 16. Qxe5 Bf6 17. Bxh7+ Kxh7 18. Rxd8
Rxe5 19. Rf8 Kxh6 20. Rxf7 Kg6 21. Rxc7 Re1+ 22. Rxe1 Nxe1 23. Nd5 Be5 24. Ne7+
Kf7 25. Rxc8 Rxc8 26. Nxc8 Bxh2 27. Kd2 Nf3+ 28. Ke3 Ne5 29. b3 Bg1 30. Nd6+
Ke6 31. Nxb7 Ng4+ 32. Kf3 Nxf2 33. Kg2 Nd1 34. Kxg1 Kf5 35. c4 Nc3 36. a4 g4
37. Kf2 Kf4 38. c5 g3+ 39. Kg2 Ne2 40. c6 Kg4 41. c7 Nf4+ {#Diagram Which way
should the king go ?} 42. Kg1 $4 {No! This is an invitation to queen with
check}  (42. Kh1 $3 {is the only way} 42... g2+ 43. Kh2 $3 {And White wins by a
tempo, eg} 43... Kf3 44. c8=Q Kf2 45. Qg4)  (42. Kf1 $2 {Is quite interesting
and it is rather surprising that it loses} 42... Kf3 43. Ke1 g2 44. c8=Q g1=Q+
45. Kd2 Qf2+ 46. Kc3 Nd5+ 47. Kd3 Nb4+ 48. Kc3 Qc2+) 42... Kf3 43. Kh1 $2 {Too
late}  (43. c8=Q {is more logical and demands precise play from Black (which is
a stretch given the game to date:)} 43... Ne2+ 44. Kf1 g2+ 45. Ke1 g1=Q+ 46.
Kd2 Qe3+ 47. Kd1 Qd3+ 48. Ke1 Nf4 49. Qc6+ Kg3 {White has no checks and there
are two independent mate threats} ) 43... g2+ 44. Kh2 Kf2 45. c8=Q g1=Q# 0-1

[Event "Summer Cup"]
[Site "Wellington Chess Club"]
[Date "2014.04.03"]
[Round "8"]
[White "Van der Hoorn, Mark"]
[Black "Farrington, Lawrence"]
[Result "1-0"]
[WhiteElo "2232"]
[BlackElo "1721"]

{Mark van der Hoorn does his thing against Lawrence.} 1. f3 {Seriously Mark?}
1... e5 2. Kf2 d5 3. Kg3 Nc6 4. e3 Nf6 5. Kf2 Bf5 {#Diagram I am not sure what
Russian Opening theory there is for this position, possibly there is something
in Kasparov's laptop. Or maybe not.} 6. Bb5 a6 7. Bxc6+ bxc6 8. Ne2 Bd6 9. b3
c5 10. c4 d4 11. Ng3 Bd7 12. e4 a5 13. a4 g6 14. d3 Bf8 15. h4 h5 16. Bg5 Bg7
17. Nd2 Qb8 18. Qe2 O-O 19. Rag1 c6 20. Ngf1 Re8 21. Bxf6 Bxf6 22. g4 {#Diagram
Often Mark makes his opening work because the weaker player tries too much,
possibly sacrificing material, and overreaches himself. This isn't going to
work against Lawrence who rarely tries to achieve anything positive in a chess
game, preferring to simply hang around in the hope something will turn up. So
Mark reverts to Plan B, which is to make something happen himself, with a
nicely constructed kingside attack.} 22... Kf8 23. gxh5 gxh5 24. Ng3 Qd8 25.
Nxh5 Bxh4+ 26. Kf1 Bg5 27. Qg2 Be3 28. Qg7+ Ke7 29. Qf6+ Kf8 30. Rg8+ 1-0

[Event "Summer Cup"]
[Site "Wellington Chess Club"]
[Date "2014.04.03"]
[Round "8"]
[White "Wight, Joshua"]
[Black "Cunningham, Patrick"]
[Result "0-1"]
[WhiteElo "1253"]
[BlackElo "1783"]

{Pat Cunningham played a stonking game against Josh Wight.} 1. e4 e5 2. Nf3 Nc6
3. Bb5 a6 4. Bxc6 dxc6 5. O-O Bd6 6. d3 Bg4 7. h3 Be6 8. Qe1 Ne7 9. Bd2 Qd7 10.
Bc3 Ng6 11. Nbd2 O-O-O 12. Rd1 f6 13. b3 Nf4 14. Nc4 Nxg2 15. Qd2 Bxh3 16.
Nxd6+ cxd6 17. Kh1 Nf4 18. Rg1 Bg2+ 19. Rxg2 Qh3+ 20. Rh2 Qxf3+ 21. Kg1 g5 22.
Re1 h5 23. Re3 Qg4+ 24. Kf1 Qd7 25. f3 g4 26. Qd1 g3 27. Rh4 Ng6 28. Rh1 h4 29.
Be1 Nf4 30. Kg1 Rdg8 31. d4 Nh3+ 32. Kg2 Nf4+ 33. Kg1 h3 {#Diagram If I ever
get a position like this I think I'll make a poster for the wall. I am sure
Maria wouldn't mind.} 34. Bxg3 Rxg3+ 35. Kf2 Rg2+ 36. Kf1 h2 37. Qe1 Rg1+ 38.
Rxg1 Qh3+ 39. Kf2 hxg1=Q+ 40. Qxg1 Qh2+ 41. Qxh2 Rxh2+ 42. Kg3 Rxc2 43. dxe5
fxe5 44. a4 Rc3 45. Rxc3 Ne2+ 46. Kg4 Nxc3 47. f4 Nxe4 48. f5 Nc5 49. b4 Nxa4
50. f6 Kd7 51. Kg5 Ke8 52. Kf5 Kf7 53. Kg5 e4 54. Kf4 d5 0-1

[Event "Autumn Cup"]
[Site "Wellington Chess Club"]
[Date "2014.05.01"]
[Round "1"]
[White "Asplet, Mike"]
[Black "MacDonald, John"]
[Result "1-0"]
[WhiteElo "1358"]
[BlackElo "1505"]

1. e4 c5 2. Nf3 d6 3. d4 cxd4 4. Nxd4 Nf6 5. Nc3 Nc6 6. Be2 a6 7. O-O e6 8. Bg5
Be7 9. Re1 h6 10. Be3 Qc7 11. Qd2 b5 12. Bf3 Ne5 13. b3 Bb7 14. Bf4 Nxf3+ 15.
Nxf3 Rc8 16. Ne2 Nxe4 17. Qd3 O-O 18. Rac1 e5 19. Bg3 f5 20. b4 Nxg3 21. Qb3+
Kh8 22. Nxg3 g6 23. h3 Qc3 24. Qe6 Bf6 25. Qxd6 Qc6 26. Qxc6 Rxc6 27. Nxe5 Bxe5
28. Rxe5 Rfc8 29. Re7 Ba8 30. Rce1 Rxc2 31. Re8+ Kg7 32. R1e7+ Kf6 33. Re6+ Kf7
34. R8e7+ Kf8 35. Ra7 Rxa2 36. Rxg6 Ra4 37. Rxh6 Kg8 38. Nxf5 Kf8 1-0